000
00304nam a2200133Ia 4500
008
230917s9999||||xx |||||||||||||| ||und||
020
_c
RS60
040
_e
193959
_a
MAIN
041
_a
English
082
_a
891.4391 G341M:S
100
_a
Mohani, Bakhynd
245
0
_a
Sharah diwan-e-Ghalib
942
_c
BK
999
_c
53785
_d
53785